Romanian: Colours - Statistics

General Stats
  • This quiz has been taken 77 times
    20 since last reset
  • The average score is 25 of 40
Answer Stats
Română English % Correct
Aur Gold
100%
Roșu Red
100%
Negru Black
95%
Albastru Blue
95%
Bronz Bronze
95%
Verde Green
95%
Portocaliu Orange
95%
Mov Purple
95%
Argint Silver
95%
Galben Yellow
95%
Culoare Colour
89%
Gri Gray
89%
Roz Pink
89%
Violet Violet
89%
Alb White
89%
Maro Brown
84%
Bej Beige
63%
Indigo Indigo
63%
Blondă Blonde
58%
Brunet/Brunetă Brunette
58%
Magenta Magenta
58%
Turcoaz Turquoise
58%
Albăstrui/Albăstruie Blueish
53%
Verzui/Verzuie Greenish
53%
Roșiatic/Roșiatică Reddish
53%
Gălbui/Gălbuie Yellowish
53%
Auriu/Aurie Golden
47%
Negricios/Negricioasă Blackish
42%
Maroniu/Maronie Brownish
42%
Azuriu Azure
37%
Rozaliu/Rozalie Pinkish
37%
Purpuriu/Purpurie Purplish
37%
Griăcios/Grăcioasă Grayish
32%
Albicios/Albicioasă Whiteish
32%
Argintiu/Argintie Silvery
26%
Roșcat Ginger
21%
Căprui/Căpruie Hazel
16%
Verde-albăstrui/Albastru-verzui Teal
16%
Castaniu roșcat/Roșcat Auburn
11%
Ușor portocaliu/Cu nuanță portocalie Orangey
11%
No matching quizzes found
Score Distribution
Percent of People with Each Score
Percentile by Number Answered
Your Score History
You have not taken this quiz since the last reset